00222nam a2200097Ia 4500008004100000100002500041245001600066260001800082942000700100999001700107190216s9999||||xx |||||||||||||| ||und|| aSadanandan S L Puram 0aKakka Ponnu bCurrent Books cBK c23650d23650